000 01238nam0a22003131 4500
001 v19\rc\1797760
005 20071130153759.2
035 _a(NLR Aleph) 004899681
090 _a5360780
_c5360780
100 _a20071130d1906 |||y0rusy50 ca
101 0 _arus
102 _aRU
105 _ay b |||||
200 1 _aКаталог Библиотеки Государственного контроля Ю.-З. ж. д.
_fСост.: Б.Д. Афанасьев, И.А. Васильев и К.В. Дараган
210 _aКиев
_d1906
215 _a[4], 132 с.
_d26
532 1 2 _aКаталог Библиотеки Государственного контроля Юго-западных ж. д.
702 1 _aАфанасьев
_bБ. Д.
_4220
702 1 _aВасильев
_bИ. А.
_4220
702 1 _aДараган
_bК. В.
_4220
710 0 2 _aСовет съезда золотопромышленников Витимского и Олекминского горных округов
_cПетербург
801 0 _aRU
_bNLR
_gpsbo
801 0 _aRU
_bRuMoRGB
_2psbo
801 1 _aRU
_bProSoft-M
_2rusmarc
852 _aNLR
_bБ
_j9530/К-384
899 _aRuMoRGB
_jR 10/622
899 _aБАН
942 _cBOOK
980 _aNB